01371nam a2200301Ic 450000100060000000300100000600500170001600700030003300800410003602000180007704000350009504100080013008200230013811000520016124502650021325000220047826401100050030000720061033600270068233700330070933800280074250000380077065000410080865000530084994200120090299900170091495201380093157644CO-BoRNBP20250717162136.0ta181205s9999 xx 000 0 und d a9789581804658 aCO-BoRNBPbspaerdacCO-BoRNBP aspa0 a303.6609861 O23b112 aOficina del Alto Comisionado para la Paz92233110aBiblioteca del proceso de paz con las FARC-EP, [tomo 11] :bacuerdo final para la terminación del conflicto y la construcción de una paz estable y duradera. 24 de noviembre de 2016 /cOficina del Alto Comisionado para la Paz, Presidencia de la República. aSegunda edición 1aBogotá, Colombia :bOficina del Alto Comisionado para la Paz,c[Fecha de publicación no identificada] a310 [3] páginas :bilustraciones, fotografías en blanco y negro atextobtxt2rdacontent asin mediaciónbn2rdamedia avolumenbnc2rdacarrier aRecomendado para público adulto07aAcuerdos de pazzcolombia2lemb910407aProcesos De Paz Historiazcolombia2lemb961180 cBK2ddc c57644d57644 00102ddc40708GENaMELEJANIbMELEJANIcGENd2025-07-17l0o303.6609861 O23b11pLEJ00777r2025-07-17 16:22:20tEj.1w2025-07-17yBK